Bienvenue à la Médiathèque de Saint-Andiol
banniere
Accueil Recherche avancée Mon compte
handi1 Rechercher dans le catalogue

Filtre   Mots-clés
  Recherche avancée
 
Lister les dernières nouveautés
 
Lister les livres GROS CARACTERES
 
Lister les périodiques (magazines)

handi1 Chant du prophète (Le)

Book Cover
Auteur principal : Paul Lynch
Autres auteurs : Marina Boraso
Titre : Chant du prophète (Le)
Support : Livres
Langue : Francais
Genre : Roman
Sujets :
Étiquettes :
Pas de tags
LEADER 01328nam0a2200205 450
001 16867244
010 |a 978-2-226-48148-1  |b br. sous jaquet  |d 22,9 € 
100 |a 20240926d2025 u u0frey01 ba 
101 1 |a fre  |c fre 
102 |a FR 
200 0 |a Chant du prophète (Le)  |f Paul Lynch  |g traduit de l'anglais (Irlande) par Marina Boraso 
207 1 |a   
215 |a 1 vol. (292 p.)  |d 21 x 14 cm 
330 |a A Dublin, un soir de pluie, deux hommes frappent à la porte d'Eilish Stack. Membres d'une toute nouvelle police secrète - le GNSB -, ils demandent à s'entretenir avec son mari, enseignant et syndicaliste, mais celui-ci est absent. Larry se rend au commissariat dès le lendemain, puis disparaît dans des circonstances troublantes. Tandis que le malaise s'installe peu à peu, Eilish voit son quotidien et celui de ses quatre enfants amputés d'une liberté qu'elle tenait pour acquise. Bientôt l'état d'urgence est déclaré, les rumeurs parlent de camps d'internement... Prisonnière d'une logique cauchemardesque, jusqu'où devra aller Eilish pour protéger les siens ? Booker Prize 2023. 
676 |a 823 
700 0 |a Lynch  |b Paul  |4 70 
702 0 |a Boraso  |b Marina  |4 730 
900 |a Roman 
901 |a Adultes 
995 |a Médiathèque  |c Médiathèque  |f 00156009952276  |h 00156009952276  |k R LYN  |o p  |q a  |r az  |e Médiathèque